Ewige Tabelle Liga NOS - Statistiken

Allgemein
  • Dieses Quiz wurde 69 mal gespielt
  • Das Durchschnittsergebnis liegt bei 13 aus 70
Antwortstatistiken
Punkte Team Spiele Aktuelle Liga Spielzeiten % Korrekt
5600 Benfica 2500 1 1934-
100%
5461 Porto 2500 1 1934-
100%
5179 Sporting 2500 1 1934-
100%
2857 Braga 2024 1 1947–1956, 1957–1961, 1964–1970, 1975–
90%
2506 Boavista 1806 1 1935/36, 1940/41, 1945–1949, 1950–1955, 1959/60, 1969–2008, 2014–
75%
3210 Guimaraes 2290 1 1941–1955, 1958–2006, 2007–
64%
1771 Maritimo 1380 1 1977–1981, 1982/83, 1985–
47%
3299 Belenenses 2282 2 1934–1982, 1984–1991, 1992–1998, 1999–2010, 2013–2022
46%
1051 Rio Ave 874 1 1979/80, 1981–1985, 1986–1988, 1996–2000, 2003–2006, 2008–2021, 2022–
46%
340 Famalicao 298 1 1946/47, 1978/79, 1990–1994, 2019–
39%
274 Santa Clara 238 2 1999/2000, 2001–2003, 2018–2023
39%
176 Arouca 166 1 2013–2017, 2021–
32%
711 Portimonense 610 1 1976–1978, 1979–1990, 2010/11, 2017–
32%
951 Estoril Praia 806 1 1944/45, 1946–1953, 1975–1980, 1981–1984, 1991–1994, 2004/05, 2012–2018, 2021–
29%
2589 Setubal 2070 3 1934–1937, 1943–1951, 1952–1960, 1962–1986, 1987–1991, 1993–1995, 1996–2000, 2001–2003, 2004–2020
27%
608 Estrela 540 2 1988–1991, 1993–2001, 2003/04, 2005–2009
25%
633 Chaves 548 1 1985–1993, 1994–1999, 2016–2019, 2022–
24%
802 Nacional Funchal 656 2 1988–1991, 2002–2017, 2018/19, 2020/21
24%
1935 Academica 1705 3 1934–1948, 1949–1972, 1973–1979, 1980/81, 1984–1988, 1997–1999, 2002–2016
22%
454 Moreirense 400 1 2002–2005, 2012/13, 2014–2022
22%
235 Tondela 238 2 2015–2022
22%
3 Casa Pia 14 1 1938/39, 2022–
20%
795 Gil Vicente 706 1 1990–1997, 1999–2006, 2011–2015, 2019–
20%
888 Farense 788 1 1970–1976, 1983–1985, 1986–1989, 1990–2002, 2020/21, 2023-
19%
900 Pacos de Ferreira 750 2 1991–1994, 2000–2004, 2005–2018, 2019–2023
19%
52 Vizela 64 1 1984/85, 2021–
19%
69 Academico 82 Aufgelöst 1934/35, 1937–1940, 1941/42
15%
713 Leixoes 670 2 1939/40, 1942/43, 1959–1977, 1988/89, 2007–2010
15%
11 Oliveirense 22 2 1945/46
12%
565 Olhanense 516 6 1941–1951, 1961–1964, 1973–1975, 2009–2014
10%
435 Penafiel 434 2 1980–1982, 1983–1986, 1987–1992, 2004–2006
10%
896 Beira Mar 858 5 1961/62, 1965–1967, 1971–1974, 1975–1977, 1978–1980, 1988–1995, 1998/99, 2000–2005, 2006/07, 2010–2013
8%
175 Feirense 222 2 1962/63, 1977/78, 1989/90, 2011/12, 2016–2019
8%
683 Varzim 618 3 1963–1971, 1976–1981, 1982–1985, 1986–1988, 1997/98, 2001–2003
8%
457 Covilha 406 3 1948–1957, 1958–1962, 1985/86, 1987/88
7%
379 Espinho 354 7 1974/75, 1977/78, 1979–1984, 1987–1989, 1992/93, 1996/97
7%
708 Uniao Leiria 584 3 1979/80, 1981/82, 1994–1997, 1998–2008, 2009–2012
7%
175 Uniao Madeira 174 Aufgelöst 1989–1992, 1993–1995, 2015/16
7%
710 Atletico CP 632 4 1943/44, 1945–1957, 1959–1963, 1966/67, 1968/69, 1971–1973, 1974–1977
5%
617 Barreirense 592 6 1937–1942, 1951–1959, 1960/61, 1962–1964, 1965/66, 1967/68, 1969–1974, 1978/79
5%
124 Leca 124 4 1941/42, 1995–1998
5%
774 Salgueiros 740 4 1943–1945, 1951/52, 1957/58, 1960–1962, 1982–1988, 1990–2002
5%
163 Uniao Torreense 164 2 1955–1959, 1964/65, 1991/92
5%
181 Alverca 170 3 1998–2002, 2003/04
3%
103 Caldas 104 3 1955–1959
3%
178 Campomaiorense 170 Aufgelöst 1995/96, 1997–2001
3%
69 Carcavelinhos 82 5 1935–1938, 1939/40, 1941/42
3%
148 Elvas 146 6 1947–1950, 1986–1988
3%
41 Fafe 38 3 1988/89
3%
33 Felgueiras 34 3 1995/96
3%
193 Naval de Maio 184 Aufgelöst 2005–2011
3%
187 Oriental 190 6 1950–1952, 1953/54, 1956–1958, 1973–1975
3%
29 Seixal 52 4 1963–1965
3%
23 Trofense 30 3 2008/09
3%
162 Uniao de Tomar 172 Aufgelöst 1968–1970, 1971–1973, 1974–1976
3%
73 Uniao Lissabon 68 6 1934–1938
3%
105 Academico Viseu 128 2 1978/79, 1980–1982, 1988/89
2%
26 Agueda 30 5 1983/84
2%
19 Alcobaca 30 4 1982/83
2%
89 Amora 90 3 1980–1983
2%
769 Fabril do Barreiro 610 5 1954–1976
2%
412 Lusitano 364 6 1952–1966
2%
72 Lusitano 78 4 1947–1950
2%
89 Montijo 90 5 1972–1974, 1976/77
2%
27 Riopele 30 5 1977/78
2%
70 Sanjoanense 104 3 1946/47, 1966–1969
2%
54 Sporting Elvas 48 Aufgelöst 1945–1947
2%
268 Tirsense 256 7 1967/68, 1970–1972, 1989–1991, 1992/93, 1994–1996
2%
22 Uniao de Coimbra 30 Aufgelöst 1972/73
2%
160 Deprotivo Aves 196 Aufgelöst 1985/86, 2000/01, 2006/07, 2017–2020
0%
Keine übereinstimmenden Quizze gefunden
Verteilung der Resultate
Anzahl Personen mit jedem Resultat
Perzentil nach korrekt beantworteten Fragen
Ihre Resultats-Entwicklung
Sie haben dieses Quiz noch nicht gespielt